000 00284nam a2200121Ia 4500
008 190216s9999||||xx |||||||||||||| ||und||
100 _aGransden K W
245 0 _aTennyson In Memoriam
260 _bEdward Arnold Ltd
_c1965
300 _a69p
650 _aEnglish Poetry
942 _cBK
999 _c12407
_d12407